000 00332nam a2200133Ia 4500
008 230511s1960 xx 000 0 und d
041 _aeng
082 _a348.041
100 _aRatanlal Ranchodas
245 _aBombay Law Reporter
260 _aMumbai
_bBombay Law Reporter
_c1960
300 _a1149
906 _aHigh Court Cases
999 _c346328
_d346328